[Event "XXXIII Memorial Edoardo Crespi B"]
[Site "Milano ITA"]
[Date "2012.12.09"]
[Round "7"]
[White "Ceraulo, Carlo Alberto"]
[Black "Romagnoli, Thomas"]
[WhiteElo "1544"]
[BlackElo "1709"]
[Result "0-1"]
[PlyCount "50"]
[EventDate "2012.12.05"]

1. d4 d5 2. c4 e6 3. cxd5 exd5 4. Nc3 Nf6 5. Bg5 Nbd7 6. e3 Be7 7. Bd3 b6 8.
Rc1 Bb7 9. Nf3 O-O 10. O-O h6 11. Bf4 c6 12. Re1 Rc8 13. Bb1 Re8 14. Qd3 Nf8
15. a3 Bd6 16. Bxd6 Qxd6 17. Ne5 Re6 18. e4 dxe4 19. Nxe4 Nxe4 20. Rxe4 c5 21.
Nc4 Qd5 22. f3 Qg5 23. Re3 cxd4 24. Qxd4 Rxe3 25. Kf2 Rxf3+ 0-1

[Event "XXXIII Memorial Edoardo Crespi B"]
[Site "Milano ITA"]
[Date "2012.12.09"]
[Round "7"]
[White "Cerutti, Fabio Maria"]
[Black "Donadi, Luca"]
[WhiteElo "1686"]
[BlackElo "1689"]
[Result "1/2-1/2"]
[PlyCount "59"]
[EventDate "2012.12.05"]

1. e4 e5 2. Nf3 Nf6 3. Nxe5 d6 4. Nf3 Nxe4 5. Nc3 Nxc3 6. dxc3 Be7 7. Be3 Nc6
8. Qd2 Be6 9. a3 Bf6 10. Be2 Qe7 11. h3 Ne5 12. O-O-O h6 13. g4 g6 14. Bxh6 Rg8
15. Ng5 Bxg5 16. Bxg5 f6 17. Bh4 O-O-O 18. f4 Nc6 19. Rde1 Qf7 20. Bd3 Rde8 21.
Rh2 Bd7 22. Rhe2 Rxe2 23. Rxe2 Re8 24. Rxe8+ Bxe8 25. Qe2 Bd7 26. c4 f5 27.
gxf5 Bxf5 28. Bxf5+ gxf5 29. Qd3 Kd7 30. Kd2 1/2-1/2

[Event "XXXIII Memorial Edoardo Crespi B"]
[Site "Milano ITA"]
[Date "2012.12.09"]
[Round "7"]
[White "Colica, Daniele"]
[Black "Nordio, Giorgio"]
[WhiteElo "1713"]
[BlackElo "1626"]
[Result "1-0"]
[PlyCount "71"]
[EventDate "2012.12.05"]

1. e4 c6 2. Nc3 d5 3. Nf3 Bg4 4. h3 Bxf3 5. Qxf3 e6 6. g4 Nd7 7. d4 dxe4 8.
Nxe4 Ngf6 9. Ng3 Bd6 10. Bd3 Qc7 11. Ne2 c5 12. O-O O-O-O 13. g5 Rdg8 14. gxf6
gxf6+ 15. Kh1 f5 16. Bf4 Rg6 17. Bxd6 Qxd6 18. c3 Rhg8 19. Rg1 Nf6 20. Rxg6
Rxg6 21. Rg1 Qb6 22. dxc5 Qxc5 23. Rxg6 fxg6 24. Nf4 Qb6 25. Qe2 Ne4 26. Bxe4
fxe4 27. b4 a6 28. Qe3 Qc6 29. Kg2 Qc4 30. a4 Qc6 31. Kg3 Qd6 32. Qxe4 g5 33.
Qxe6+ Qxe6 34. Nxe6 h6 35. Kg4 Kd7 36. Nxg5 1-0

[Event "XXXIII Memorial Edoardo Crespi B"]
[Site "Milano ITA"]
[Date "2012.12.09"]
[Round "7"]
[White "Colonetti, Fabio"]
[Black "Peroni, Gianpaolo"]
[WhiteElo "1446"]
[BlackElo "1500"]
[Result "1-0"]
[PlyCount "37"]
[EventDate "2012.12.05"]

1. e4 d6 2. d4 c6 3. Nf3 Nf6 4. Nc3 Bg4 5. Be2 b5 6. a3 Qa5 7. Bf4 b4 8. axb4
Qxb4 9. Rb1 Nxe4 10. Qd3 d5 11. O-O Bf5 12. Qe3 Nd6 13. Rfc1 Nc4 14. Bxc4 dxc4
15. Ne4 e6 16. Ng3 Be7 17. Nxf5 exf5 18. Re1 Nd7 19. c3 1-0

[Event "XXXIII Memorial Edoardo Crespi B"]
[Site "Milano ITA"]
[Date "2012.12.09"]
[Round "7"]
[White "Crippa, Oscar"]
[Black "Confalonieri, Luca"]
[WhiteElo "1671"]
[BlackElo "1607"]
[Result "0-1"]
[PlyCount "27"]
[EventDate "2012.12.05"]

1. e4 e5 2. Nf3 Nc6 3. d4 exd4 4. c3 dxc3 5. Nxc3 Bb4 6. Bc4 h6 7. Qb3 Qe7 8.
O-O Bxc3 9. Qxc3 Nf6 10. e5 Ne4 11. Qe3 Nc5 12. b4 Ne6 13. Ba3 Nxb4 14. Nh4 0-1

[Event "XXXIII Memorial Edoardo Crespi B"]
[Site "Milano ITA"]
[Date "2012.12.09"]
[Round "7"]
[White "D'Aste, Federico"]
[Black "Biffi, Roberto"]
[WhiteElo "1501"]
[BlackElo "1691"]
[Result "1/2-1/2"]
[PlyCount "54"]
[EventDate "2012.12.05"]

1. e4 d6 2. d4 g6 3. Nc3 Nf6 4. f4 Bg7 5. Nf3 O-O 6. e5 dxe5 7. fxe5 Nd5 8. h4
Bf5 9. Bd3 Nxc3 10. bxc3 Bg4 11. Rb1 Qd5 12. c4 Bxf3 13. cxd5 Bxd1 14. Kxd1 Rd8
15. Be4 Na6 16. Rxb7 Rdb8 17. Rxb8+ Rxb8 18. Rh3 Rb1 19. Ra3 f5 20. Bd3 Bh6 21.
Rxa6 Bxc1 22. Ke2 Bb2 23. Rxa7 Bxd4 24. Rxc7 Bxe5 25. Rxe7 Bd6 26. Rd7 Rb6 27.
a4 Bb4 1/2-1/2

[Event "XXXIII Memorial Edoardo Crespi B"]
[Site "Milano ITA"]
[Date "2012.12.09"]
[Round "7"]
[White "Farina, Walter"]
[Black "Viotti, Alberto"]
[WhiteElo "1677"]
[BlackElo "1588"]
[Result "1/2-1/2"]
[PlyCount "88"]
[EventDate "2012.12.05"]

1. e4 c6 2. Nc3 d5 3. Nf3 Bg4 4. Be2 dxe4 5. Nxe4 Nd7 6. d4 Ngf6 7. Nxf6+ Nxf6
8. Ne5 Bxe2 9. Kxe2 g6 10. Re1 Bg7 11. Kf1 O-O 12. c3 e6 13. Bg5 Qc7 14. Qf3
Nd7 15. Ng4 Nb6 16. Bf6 Nd5 17. Be5 Bxe5 18. Rxe5 Qd8 19. Rae1 Rc8 20. Qg3 Nf6
21. Nxf6+ Qxf6 22. R1e3 Rcd8 23. Ra5 a6 24. Qc7 Rb8 25. a4 Qd8 26. Qe5 b5 27.
Rxa6 bxa4 28. Rxc6 Rxb2 29. Ra6 Qh4 30. Qg3 Qxg3 31. Rxg3 Ra2 32. c4 Rb8 33.
Re3 Ra1+ 34. Ke2 Rb2+ 35. Kf3 Rc2 36. c5 Rc4 37. Ke4 Rd1 38. Rd3 Re1+ 39. Kf4
Ra1 40. Ke5 Kg7 41. Kd6 a3 42. c6 a2 43. c7 Rac1 44. Rxa2 Rxc7 1/2-1/2

[Event "XXXIII Memorial Edoardo Crespi B"]
[Site "Milano ITA"]
[Date "2012.12.09"]
[Round "7"]
[White "Fornari, Sergio"]
[Black "Trent, Alan M."]
[WhiteElo "1629"]
[BlackElo "1706"]
[Result "1-0"]
[PlyCount "81"]
[EventDate "2012.12.05"]

1. d4 Nf6 2. Nf3 c5 3. c3 cxd4 4. cxd4 g6 5. b3 Bg7 6. Bb2 O-O 7. Nbd2 Qa5 8.
e3 d6 9. Bd3 Nc6 10. O-O Bg4 11. h3 Bd7 12. Nc4 Qh5 13. Nfd2 Qh6 14. Qf3 b5 15.
Na3 a6 16. Nc2 Rad8 17. Rfd1 e6 18. Ba3 Ne8 19. Ne4 e5 20. d5 f5 21. dxc6 fxe4
22. Qxe4 Bf5 23. Qd5+ Kh8 24. Bxf5 Rxf5 25. e4 Nc7 26. Qd3 Rf6 27. Qg3 Qf4 28.
Qxf4 exf4 29. Bb2 Re6 30. Bxg7+ Kxg7 31. f3 Re5 32. Nb4 Kf7 33. Nd3 Rg5 34.
Nxf4 Re5 35. Nd5 Na8 36. Rac1 Ke6 37. Nb4 Nc7 38. Nd3 Rg5 39. Nf4+ Ke5 40. Nd5
Na8 41. f4+ 1-0

[Event "XXXIII Memorial Edoardo Crespi B"]
[Site "Milano ITA"]
[Date "2012.12.09"]
[Round "7"]
[White "Frignani, Alessandro"]
[Black "Figini, Vittorio"]
[WhiteElo "1344"]
[BlackElo "1531"]
[Result "1-0"]
[PlyCount "101"]
[EventDate "2012.12.05"]

1. e4 c5 2. c4 Nc6 3. b3 e5 4. Bb2 Nf6 5. f3 Be7 6. Ne2 d6 7. Nbc3 a6 8. a3 Rb8
9. g3 b5 10. cxb5 axb5 11. Nd5 b4 12. a4 Na5 13. g4 Nxd5 14. exd5 Ba6 15. Ng3
Bxf1 16. Kxf1 Bh4 17. Rb1 O-O 18. d3 f5 19. Nxf5 Rb7 20. Ke2 Rbf7 21. Rf1 Bg5
22. h4 Bf4 23. Bc1 Rf6 24. Bxf4 exf4 25. Kd2 g6 26. Nh6+ Kg7 27. g5 Nb7 28. Kc2
Re8 29. gxf6+ Qxf6 30. Qd2 Kxh6 31. Rbe1 Rxe1 32. Qxe1 Nd8 33. Rf2 Nf7 34. Kb1
Qf5 35. Qe4 Qh3 36. Qxf4+ Kg7 37. Qh2 Qf5 38. Rd2 Ne5 39. Qe2 Nxf3 40. Qe7+ Kh8
41. Rd1 Ne5 42. Kc2 c4 43. bxc4 Nxc4 44. Kb3 Nb6 45. Qxd6 Nxd5 46. a5 Nc3 47.
Ra1 Nb5 48. Qd8+ Kg7 49. Kxb4 Qe5 50. Rf1 Nc7 51. Qf8# 1-0

[Event "XXXIII Memorial Edoardo Crespi B"]
[Site "Milano ITA"]
[Date "2012.12.09"]
[Round "7"]
[White "Giordano, Giovanni"]
[Black "Piras, Yari"]
[WhiteElo "1437"]
[BlackElo "1700"]
[Result "0-1"]
[PlyCount "64"]
[EventDate "2012.12.05"]

1. e4 c5 2. Nf3 Nc6 3. Bb5 d6 4. d4 cxd4 5. Nxd4 Qc7 6. Nc3 Nf6 7. Bg5 e6 8.
Bxf6 gxf6 9. Qf3 Bg7 10. Qg3 O-O 11. h4 Nxd4 12. Bd3 f5 13. h5 h6 14. exf5 Nxf5
15. Bxf5 exf5 16. O-O Kh7 17. Rad1 Be5 18. f4 Qc5+ 19. Kh1 Rg8 20. Qd3 Bxc3 21.
bxc3 Be6 22. Qxd6 Qxd6 23. Rxd6 Rac8 24. Rb1 b6 25. Rb4 Rxc3 26. Ra4 Rc7 27. a3
Re8 28. Rd2 Ree7 29. Kg1 Red7 30. Rxd7 Rxd7 31. Kf1 f6 32. Ke2 Bf7 0-1

[Event "XXXIII Memorial Edoardo Crespi B"]
[Site "Milano ITA"]
[Date "2012.12.09"]
[Round "7"]
[White "Lipari, Alberto"]
[Black "Tannoia, Rocco"]
[WhiteElo "1604"]
[BlackElo "1665"]
[Result "1-0"]
[PlyCount "153"]
[EventDate "2012.12.05"]

1. c4 c5 2. g3 Nc6 3. Bg2 Nf6 4. d3 e6 5. Nc3 a6 6. Nf3 Be7 7. O-O d5 8. Bf4
O-O 9. a3 d4 10. Ne4 Nxe4 11. dxe4 Qb6 12. Rb1 a5 13. Qc2 a4 14. Nd2 Na5 15. e3
Rd8 16. Rfd1 d3 17. Qc3 Bf6 18. e5 Be7 19. Be4 g5 20. Bxg5 Bxg5 21. f4 Bh6 22.
Bxd3 Kg7 23. Qc2 Rh8 24. Ne4 Bd7 25. Nf6 Qc6 26. Bxh7 Rad8 27. Rd6 Qf3 28. Qd3
Bc6 29. Be4 Rxd6 30. exd6 Bxe4 31. Nxe4 e5 32. Nxc5 Bxf4 33. exf4 Qc6 34. b4
axb3 35. Nxb3 Nxb3 36. Rxb3 exf4 37. Qd4+ f6 38. Qxf4 Qc5+ 39. Re3 Re8 40. Kf2
Re5 41. Ke2 Qxd6 42. Rxe5 fxe5 43. Qg4+ Kh6 44. Qh4+ Kg7 45. Qg5+ Kh7 46. Qe3
b6 47. h4 Kg7 48. g4 Qc7 49. Qe4 Qc5 50. h5 b5 51. Qb7+ Kh6 52. Qxb5 Qd4 53.
Qd5 Qxg4+ 54. Kd2 Qf4+ 55. Kc3 Kxh5 56. c5 Qc1+ 57. Kb4 Qb2+ 58. Qb3 Qd4+ 59.
Kb5 e4 60. Qf7+ Kg4 61. Qe6+ Kf3 62. Qf5+ Kg2 63. c6 Qb2+ 64. Kc4 Qc2+ 65. Kd5
Qd3+ 66. Ke6 Qb3+ 67. Qd5 Qxd5+ 68. Kxd5 e3 69. c7 e2 70. c8=Q e1=Q 71. Qc2+
Kg1 72. Qg6+ Kh2 73. Qh5+ Kg2 74. Qg4+ Kh2 75. Qf4+ Kh3 76. Qg5 Kh2 77. Qe5+
1-0

[Event "XXXIII Memorial Edoardo Crespi B"]
[Site "Milano ITA"]
[Date "2012.12.09"]
[Round "7"]
[White "Macri', Vincenzo Roberto"]
[Black "Resta, Andrea"]
[WhiteElo "1538"]
[BlackElo "1688"]
[Result "0-1"]
[PlyCount "78"]
[EventDate "2012.12.05"]

1. e4 c5 2. Nf3 d6 3. d4 cxd4 4. c3 dxc3 5. Nxc3 Nf6 6. e5 Ng4 7. Bb5+ Nc6 8.
exd6 exd6 9. O-O Be7 10. h3 Nge5 11. Nxe5 dxe5 12. Qf3 Bd7 13. Rd1 O-O 14. Be3
a6 15. Ba4 Qe8 16. Nd5 Bd8 17. Bc5 Nd4 18. Rxd4 exd4 19. Bxd7 Qxd7 20. Bxf8
Kxf8 21. Qe4 Rc8 22. Rd1 Rc6 23. Rxd4 Rd6 24. Rd3 h6 25. Kf1 Qb5 26. b3 Re6 27.
Qb4+ Qxb4 28. Nxb4 Ba5 29. Nc2 b5 30. b4 Rc6 31. Ra3 Bc7 32. Nd4 Rc4 33. Nf5
Rf4 34. Ne3 Rxb4 35. Rxa6 Ra4 36. Rc6 Bf4 37. Nd5 f6 38. Rc8+ Kf7 39. Rb8 Bxb8
0-1

[Event "XXXIII Memorial Edoardo Crespi B"]
[Site "Milano ITA"]
[Date "2012.12.09"]
[Round "7"]
[White "Madaschi, Sergio"]
[Black "Pioggia, Massimiliano"]
[WhiteElo "1516"]
[BlackElo "1622"]
[Result "0-1"]
[PlyCount "76"]
[EventDate "2012.12.05"]

1. d4 d5 2. Nf3 Nf6 3. c4 e6 4. Nc3 Be7 5. e3 O-O 6. Bd3 dxc4 7. Bxc4 Re8 8.
O-O c6 9. Qc2 Nbd7 10. e4 Nf8 11. Bg5 N6d7 12. Bxe7 Qxe7 13. e5 Nb6 14. Bd3 h6
15. Ne4 Rd8 16. Nd6 Rxd6 17. exd6 Qxd6 18. Qc5 Qc7 19. Qe5 Qe7 20. a3 Nfd7 21.
Qg3 c5 22. dxc5 Nxc5 23. Rad1 Nd5 24. Bc2 b6 25. Rfe1 Bb7 26. Nd4 Qf6 27. b4
Nd7 28. Ba4 Rd8 29. Nc6 Ra8 30. Rc1 a6 31. Bb3 Nf4 32. f3 e5 33. b5 axb5 34.
Nb4 Nc5 35. Bc2 Rxa3 36. Kh1 g5 37. Qf2 Nxg2 38. Kxg2 Rxf3 0-1

[Event "XXXIII Memorial Edoardo Crespi B"]
[Site "Milano ITA"]
[Date "2012.12.09"]
[Round "7"]
[White "Mazza, Domenico"]
[Black "Casati, Ivan Mario"]
[WhiteElo "1565"]
[BlackElo "1418"]
[Result "1-0"]
[PlyCount "45"]
[EventDate "2012.12.05"]

1. e4 d6 2. Nf3 Bg4 3. h3 Bxf3 4. Qxf3 Nf6 5. d3 g6 6. Nc3 Bg7 7. Bd2 Nbd7 8.
g4 O-O 9. g5 Ne8 10. O-O-O Ne5 11. Qe2 f6 12. f4 Nd7 13. h4 f5 14. h5 e5 15.
hxg6 hxg6 16. Qh2 Kf7 17. Be2 Rh8 18. Qg2 c6 19. Rxh8 Bxh8 20. Rh1 Nc7 21. Rh7+
Ke6 22. Qh3 Qg8 23. exf5+ 1-0

[Event "XXXIII Memorial Edoardo Crespi B"]
[Site "Milano ITA"]
[Date "2012.12.09"]
[Round "7"]
[White "Mazzoccoli, Simone"]
[Black "Cagnotto, Marco"]
[WhiteElo "1681"]
[BlackElo "1362"]
[Result "1-0"]
[PlyCount "53"]
[EventDate "2012.12.05"]

1. e4 c5 2. Nc3 Nc6 3. g3 g6 4. Bg2 Bg7 5. d3 Nf6 6. Nge2 O-O 7. O-O d6 8. h3
Bd7 9. Bg5 a6 10. a4 Rb8 11. Qd2 b5 12. axb5 axb5 13. d4 cxd4 14. Nxd4 Nxe4 15.
Nxe4 Nxd4 16. Ra7 Ne6 17. Bh6 f5 18. Bxg7 Kxg7 19. Nc3 Kg8 20. Bd5 Kh8 21. Bxe6
Bxe6 22. Re1 Bd7 23. Qd4+ Kg8 24. Qh4 e5 25. Qb4 Be8 26. Nd5 Bc6 27. Ne7+ 1-0

[Event "XXXIII Memorial Edoardo Crespi B"]
[Site "Milano ITA"]
[Date "2012.12.09"]
[Round "7"]
[White "Milano, Maria"]
[Black "Pollio, Ciro"]
[WhiteElo "1636"]
[BlackElo "1714"]
[Result "1-0"]
[PlyCount "49"]
[EventDate "2012.12.05"]

1. c4 e6 2. Nc3 Nf6 3. d3 d5 4. e3 dxc4 5. Qa4+ Nc6 6. d4 Be7 7. Bxc4 O-O 8. a3
Nd7 9. Qc2 Nb6 10. Bd3 h6 11. Nf3 Nd5 12. Bd2 a6 13. O-O Bd6 14. Ne4 Nf6 15. b4
Nxe4 16. Bxe4 Ne7 17. Rac1 c6 18. Bd3 Bd7 19. Rfe1 Qc7 20. e4 Bf4 21. e5 Bxd2
22. Qxd2 Nd5 23. Bb1 a5 24. Qc2 axb4 25. Qh7# 1-0

[Event "XXXIII Memorial Edoardo Crespi B"]
[Site "Milano ITA"]
[Date "2012.12.09"]
[Round "7"]
[White "Nanni, Sergio"]
[Black "Fantina, Carla"]
[WhiteElo "1650"]
[BlackElo "1451"]
[Result "1-0"]
[PlyCount "73"]
[EventDate "2012.12.05"]

1. e4 d6 2. d4 Nf6 3. Nc3 g6 4. Bc4 Bg7 5. f4 O-O 6. e5 dxe5 7. fxe5 Ng4 8. Nf3
Nc6 9. O-O Nh6 10. Bg5 Nf5 11. Ne2 h6 12. Bf4 e6 13. c3 Na5 14. Bd3 Ne7 15. Qd2
Kh7 16. Ng5+ hxg5 17. Bxg5 Qe8 18. Rf3 Nf5 19. Rh3+ Kg8 20. Bf6 Qc6 21. Bxf5
exf5 22. Bxg7 f6 23. Bxf8 Kxf8 24. Rh8+ Ke7 25. Qh6 fxe5 26. Qf8+ Ke6 27. Nf4+
exf4 28. Re1+ Kd5 29. Re5+ Kc4 30. Rc5+ Kd3 31. Rxc6 Nxc6 32. Rh3+ Kc2 33. Qf7
g5 34. Qb3+ Kd2 35. c4 g4 36. Rd3+ Ke1 37. Qd1# 1-0

[Event "XXXIII Memorial Edoardo Crespi B"]
[Site "Milano ITA"]
[Date "2012.12.09"]
[Round "7"]
[White "Pandini, Giuseppe"]
[Black "Pirrello, Christian"]
[WhiteElo "1762"]
[BlackElo "1602"]
[Result "1-0"]
[PlyCount "73"]
[EventDate "2012.12.05"]

1. f4 d5 2. Nf3 Bg4 3. e3 Nf6 4. Be2 e6 5. b3 c5 6. O-O Nc6 7. Bb2 Bd6 8. Ne5
Bxe2 9. Qxe2 Bxe5 10. fxe5 Nd7 11. d4 Qg5 12. Nd2 O-O 13. Rf3 a6 14. Rg3 Qe7
15. c3 cxd4 16. exd4 f6 17. a4 fxe5 18. Ba3 Qf6 19. Rf1 Qh6 20. Bxf8 Rxf8 21.
Rxf8+ Nxf8 22. dxe5 g6 23. Qe3 Qh5 24. Nf3 Qf5 25. Qe1 Qf7 26. Nd4 Qc7 27. Re3
Qb6 28. Qf2 Nxd4 29. cxd4 Qxd4 30. Rf3 Qd1+ 31. Qf1 Qd4+ 32. Kh1 Qc5 33. Rf7
Qb4 34. Rc7 Nd7 35. Rxd7 Qf8 36. Qxf8+ Kxf8 37. Rxb7 1-0

[Event "XXXIII Memorial Edoardo Crespi B"]
[Site "Milano ITA"]
[Date "2012.12.09"]
[Round "7"]
[White "Picasso, Marco Francesco"]
[Black "Gonella, Graziano"]
[WhiteElo "1520"]
[BlackElo "1202"]
[Result "1-0"]
[PlyCount "83"]
[EventDate "2012.12.05"]

1. d4 d5 2. f4 g6 3. Nf3 Bg7 4. c3 Nf6 5. Nbd2 O-O 6. e3 Nc6 7. Bd3 e6 8. O-O
Bd7 9. Re1 Ne7 10. Nf1 Nf5 11. Ne5 Bc8 12. b3 a5 13. a4 c6 14. Ba3 Re8 15. Rc1
Ne4 16. Re2 f6 17. Nf3 Bd7 18. c4 g5 19. fxg5 Nxg5 20. Nxg5 fxg5 21. Rf2 Qc8
22. Qg4 h6 23. cxd5 cxd5 24. Rxc8 Raxc8 25. Rc2 Rxc2 26. Bxc2 b5 27. h3 b4 28.
Bc1 Rc8 29. Qd1 e5 30. Bxf5 Bxf5 31. dxe5 Bc2 32. Qxd5+ Kh7 33. Bb2 Bf8 34.
Qd7+ Bg7 35. Qxc8 Bxb3 36. Qf5+ Kg8 37. Qd7 Bf7 38. Bd4 b3 39. e6 Bxe6 40.
Qxe6+ Kh7 41. Qxb3 Bf8 42. Qf7+ 1-0

[Event "XXXIII Memorial Edoardo Crespi B"]
[Site "Milano ITA"]
[Date "2012.12.09"]
[Round "7"]
[White "Prevedello, Daniele"]
[Black "Marinescu, Gheorge"]
[WhiteElo "1495"]
[BlackElo "1618"]
[Result "0-1"]
[PlyCount "50"]
[EventDate "2012.12.05"]

1. c4 g6 2. Nc3 Nc6 3. g3 b6 4. Bg2 Bb7 5. Nf3 Bg7 6. d3 e6 7. O-O Qe7 8. a3 h5
9. h4 O-O-O 10. Qc2 f6 11. b4 Nh6 12. Be3 Nf5 13. Rfb1 Nxe3 14. fxe3 g5 15. d4
Bh6 16. Kf2 Rdg8 17. c5 Qg7 18. Rg1 gxh4 19. gxh4 Qg3+ 20. Kf1 Bxe3 21. Ne4 Qf4
22. Nc3 Nxd4 23. Qd3 Nxf3 24. exf3 Bxf3 25. Ke1 Qg3+ 0-1

[Event "XXXIII Memorial Edoardo Crespi B"]
[Site "Milano ITA"]
[Date "2012.12.09"]
[Round "7"]
[White "Priori, Gabriele"]
[Black "Bonghi, Fabrizio"]
[WhiteElo "1608"]
[BlackElo "1554"]
[Result "1-0"]
[PlyCount "65"]
[EventDate "2012.12.05"]

1. d4 d5 2. Bf4 Nf6 3. e3 e6 4. Nd2 c5 5. c3 c4 6. Be2 Bd6 7. Bg5 a6 8. Ngf3 b5
9. b4 Bb7 10. Ne5 Nbd7 11. Ndf3 Qc7 12. Nxd7 Nxd7 13. a4 f6 14. Bh4 O-O 15. a5
e5 16. dxe5 Nxe5 17. Qc2 Nxf3+ 18. Bxf3 Bxh2 19. O-O-O f5 20. Bxd5+ Bxd5 21.
Rxd5 g6 22. g3 Qc6 23. Rhd1 h6 24. Be7 Rf7 25. Bc5 Qf6 26. Kb2 Qg5 27. Qd2 Bxg3
28. fxg3 Qxg3 29. Rd8+ Rxd8 30. Qxd8+ Kh7 31. Bd4 Qg2+ 32. Kc1 g5 33. Qh8+ 1-0

[Event "XXXIII Memorial Edoardo Crespi B"]
[Site "Milano ITA"]
[Date "2012.12.09"]
[Round "7"]
[White "Ragoso, Mario"]
[Black "Olivo, Mario"]
[WhiteElo "1656"]
[BlackElo "1798"]
[Result "0-1"]
[PlyCount "78"]
[EventDate "2012.12.05"]

1. e4 c5 2. c3 d5 3. exd5 Qxd5 4. d4 e6 5. Nf3 Nc6 6. Be2 cxd4 7. cxd4 Nf6 8.
O-O a6 9. Nc3 Qd8 10. Qa4 Bd7 11. Qd1 Be7 12. Bg5 h6 13. Bh4 O-O 14. Ne5 Nxe5
15. dxe5 Ne8 16. Bxe7 Qxe7 17. Qd4 Bc6 18. Rfd1 Nc7 19. Ne4 Nd5 20. Nd6 Rad8
21. a4 f6 22. f4 fxe5 23. fxe5 Rf4 24. Qc5 Bxa4 25. Rxd5 exd5 26. Qxd5+ Kh7 27.
Qxb7 Qxb7 28. Nxb7 Rd2 29. Bxa6 Bc6 30. Bf1 Bxb7 31. Re1 Re4 32. Rxe4 Bxe4 33.
b4 Kg8 34. b5 Rb2 35. e6 Kf8 36. h3 Ke7 37. Bc4 Rxg2+ 38. Kf1 Rh2 39. Be2 Rxh3
0-1

[Event "XXXIII Memorial Edoardo Crespi B"]
[Site "Milano ITA"]
[Date "2012.12.09"]
[Round "7"]
[White "Ricci, Leonardo"]
[Black "Grudina, Marco"]
[WhiteElo "1540"]
[BlackElo "1796"]
[Result "1-0"]
[PlyCount "147"]
[EventDate "2012.12.05"]

1. e4 e5 2. Nf3 Nc6 3. Bc4 Bc5 4. Nc3 d6 5. d3 Nf6 6. O-O O-O 7. Be3 Bb6 8. h3
h6 9. Nd5 Nxd5 10. Bxd5 Ne7 11. Bb3 Ng6 12. Qd2 Kh7 13. Rfe1 c6 14. d4 f5 15.
dxe5 fxe4 16. Bxb6 axb6 17. Rxe4 d5 18. Re3 Be6 19. Rae1 c5 20. a3 d4 21. Bxe6
dxe3 22. Qxe3 Qe7 23. Bd5 Nf4 24. Qe4+ Kh8 25. Bxb7 Rad8 26. Kh2 Ne6 27. c3 Nf4
28. Ba6 Ne6 29. Bd3 g5 30. Qg6 Nf4 31. Qxh6+ Kg8 32. Bc4+ Nd5 33. Rd1 Qf7 34.
Qxg5+ Kh8 35. Nh4 Qf4+ 36. Qxf4 Nxf4 37. Rxd8 Rxd8 38. Kg3 Nh5+ 39. Kg4 Ng7 40.
f4 Rd2 41. Kg5 Kh7 42. b3 Ne8 43. f5 Nc7 44. e6 b5 45. Bf1 Rd1 46. Be2 Rd2 47.
Bh5 Rd3 48. e7 Rg3+ 49. Kf4 Rg8 50. Ke5 Kh6 51. Bg6 Kg5 52. Nf3+ Kh6 53. h4 Ra8
54. c4 bxc4 55. bxc4 Rxa3 56. Kd6 Ra7 57. e8=Q Nxe8+ 58. Bxe8 Kg7 59. Kxc5 Kf8
60. Bb5 Kg7 61. g4 Re7 62. Kd5 Ra7 63. c5 Kf8 64. Ne5 Ra1 65. Ke6 Rb1 66. Bd7
Re1 67. c6 Rc1 68. h5 Kg8 69. g5 Kf8 70. h6 Kg8 71. g6 Rc3 72. Kf6 Rc5 73. h7+
Kh8 74. Nf7# 1-0

[Event "XXXIII Memorial Edoardo Crespi B"]
[Site "Milano ITA"]
[Date "2012.12.09"]
[Round "7"]
[White "Ricciardi, Arcangelo"]
[Black "Bianchi, Paolo"]
[WhiteElo "1691"]
[BlackElo "1676"]
[Result "0-1"]
[PlyCount "58"]
[EventDate "2012.12.05"]

1. e4 d6 2. d4 Nf6 3. Nc3 g6 4. Nf3 Bg7 5. Bc4 O-O 6. h3 c6 7. Be3 b5 8. Bb3 b4
9. e5 dxe5 10. dxe5 bxc3 11. exf6 Bxf6 12. O-O cxb2 13. Rb1 a5 14. a4 Na6 15.
Bd4 e6 16. Rxb2 Bxd4 17. Nxd4 Qf6 18. c3 Rd8 19. Rd2 Bb7 20. f4 c5 21. Nb5 Rxd2
22. Qxd2 Rd8 23. Qe3 Qf5 24. Qe5 Rd2 25. Qxf5 Rxg2+ 26. Kh1 exf5 27. Nd6 Rb2+
28. Nxb7 Rxb3 29. Rc1 Rxb7 0-1

[Event "XXXIII Memorial Edoardo Crespi B"]
[Site "Milano ITA"]
[Date "2012.12.09"]
[Round "7"]
[White "Rosini, Luca Ungaro"]
[Black "Calabrese, Maurizio"]
[WhiteElo "1392"]
[BlackElo "1528"]
[Result "0-1"]
[PlyCount "118"]
[EventDate "2012.12.05"]

1. d4 Nf6 2. c4 b6 3. Nc3 e6 4. Bg5 Bb7 5. Nf3 a6 6. e3 d6 7. Bd3 Nbd7 8. O-O
Be7 9. Re1 O-O 10. e4 Rb8 11. a4 Ng4 12. Bxe7 Qxe7 13. d5 e5 14. h3 Nh6 15. Qd2
Bc8 16. Nh2 f5 17. f3 f4 18. Nd1 Nf6 19. Nf2 Bd7 20. b4 b5 21. axb5 axb5 22.
Ra7 bxc4 23. Bxc4 Bb5 24. Bxb5 Rxb5 25. Rc1 Rc8 26. Ra5 Rcb8 27. Rxb5 Rxb5 28.
Ra1 Qd8 29. Ra5 Qb8 30. Nd3 Nh5 31. Nf1 Qb6+ 32. Kh2 Kf7 33. Qc3 g5 34. Rxb5
Qxb5 35. Qxc7+ Kg8 36. Qxd6 Nf7 37. Qc5 Qxd3 38. Kg1 Qd4+ 39. Kh1 Qd1 40. Qg1
Nd6 41. Kh2 Ng3 42. Nxg3 fxg3+ 43. Kh1 Qxg1+ 44. Kxg1 Kf7 45. Kf1 Ke7 46. Ke2
Nb5 47. Kd3 Na3 48. Kc3 Kd6 49. Kb3 Nb5 50. Ka4 Nd4 51. Ka5 Kc7 52. Ka6 Kb8 53.
Kb6 Nxf3 54. d6 Kc8 55. Kc6 Nd4+ 56. Kd5 Kd8 57. Kxe5 Nf3+ 58. Kd5 Ne1 59. e5
Nxg2 0-1

[Event "XXXIII Memorial Edoardo Crespi B"]
[Site "Milano ITA"]
[Date "2012.12.09"]
[Round "7"]
[White "Spelta, Andrea"]
[Black "Capostagno, Francesco"]
[WhiteElo "1744"]
[BlackElo "1587"]
[Result "1-0"]
[PlyCount "77"]
[EventDate "2012.12.05"]

1. e4 d6 2. Nf3 g6 3. d3 Bg7 4. g3 Nf6 5. Nbd2 e5 6. Bg2 O-O 7. O-O Re8 8. Re1
d5 9. Qe2 c6 10. Nb3 Qc7 11. Bg5 Nbd7 12. Rad1 d4 13. Qd2 c5 14. Qe2 h6 15. Bc1
Rb8 16. Nh4 b5 17. Nd2 Nb6 18. b3 Be6 19. Nf1 c4 20. f4 Bg4 21. Bf3 Bxf3 22.
Nxf3 Nfd7 23. fxe5 Nxe5 24. Nxe5 Bxe5 25. Bxh6 Kh7 26. Bc1 Rh8 27. Nd2 cxb3 28.
cxb3 Nd7 29. Nf3 Kg7 30. Nxe5 Nxe5 31. Bf4 Rh3 32. Bxe5+ Qxe5 33. Qf3 Rbh8 34.
Re2 a5 35. Rf1 Qe6 36. Ref2 Rf8 37. Qf6+ Qxf6 38. Rxf6 Rh5 39. Rd6 1-0

[Event "XXXIII Memorial Edoardo Crespi B"]
[Site "Milano ITA"]
[Date "2012.12.09"]
[Round "7"]
[White "Torelli, Mauro"]
[Black "Lavorgna, Filippo"]
[WhiteElo "1728"]
[BlackElo "1452"]
[Result "1/2-1/2"]
[PlyCount "47"]
[EventDate "2012.12.05"]

1. d4 Nf6 2. Nf3 g6 3. Bf4 Bg7 4. h3 O-O 5. e3 d5 6. c4 c6 7. Nc3 Qa5 8. a3
dxc4 9. Bxc4 b5 10. b4 Qb6 11. Bd3 Nbd7 12. O-O Bb7 13. Rc1 Nd5 14. Nxd5 cxd5
15. Bc7 Qa6 16. Qb3 Rac8 17. Rc3 Bc6 18. Bg3 Nb6 19. Ra1 Nc4 20. Qc2 Qb7 21.
Nd2 Rfd8 22. Nb3 Qb6 23. Ra2 Re8 24. Qd1 1/2-1/2

[Event "XXXIII Memorial Edoardo Crespi B"]
[Site "Milano ITA"]
[Date "2012.12.09"]
[Round "7"]
[White "Valdettaro, Filippo"]
[Black "Bianchi, Angelo Massimo"]
[WhiteElo "1708"]
[BlackElo "1745"]
[Result "1/2-1/2"]
[PlyCount "78"]
[EventDate "2012.12.05"]

1. e4 c5 2. Nf3 d6 3. Bb5+ Bd7 4. Bxd7+ Qxd7 5. O-O Nf6 6. Qe2 Nc6 7. Rd1 Qc7
8. c3 e5 9. d3 Be7 10. a4 O-O 11. Nbd2 Rad8 12. Nc4 Na5 13. Nxa5 Qxa5 14. c4
Nd7 15. Qd2 Qxd2 16. Bxd2 Nb8 17. Ra3 Nc6 18. Rb3 Rb8 19. a5 Bd8 20. Ra1 Bc7
21. Rba3 a6 22. Rb1 Rfc8 23. g3 f6 24. b4 cxb4 25. Bxb4 Nxb4 26. Rxb4 Bd8 27.
Ra1 Rc5 28. Rba4 Kf7 29. Nh4 g6 30. Ng2 Ke6 31. Ne3 Kd7 32. Nd5 Kc8 33. h4 Kd7
34. Kg2 Ke6 35. g4 h6 36. Kg3 Bc7 37. f3 Bd8 38. R4a2 Bc7 39. Ra4 Bd8 1/2-1/2

[Event "XXXIII Memorial Edoardo Crespi B"]
[Site "Milano ITA"]
[Date "2012.12.09"]
[Round "7"]
[White "Vece, Luigi"]
[Black "Condorelli, Roberto"]
[WhiteElo "1674"]
[BlackElo "1725"]
[Result "1-0"]
[PlyCount "40"]
[EventDate "2012.12.05"]

1. e4 c6 2. d4 d5 3. Nc3 dxe4 4. Nxe4 Nf6 5. Ng3 Nbd7 6. Nf3 e6 7. Bd2 Be7 8.
Bc4 Nb6 9. Bb3 c5 10. c3 O-O 11. O-O Bd7 12. Re1 Bc6 13. dxc5 Bxc5 14. Ne5 Nbd5
15. Nxc6 bxc6 16. Qe2 a5 17. Ba4 Qb6 18. c4 Nb4 19. a3 Na6 20. Bc3 Be7 1-0